[Event "Campeonato Panamericano de Ajedrez Sub-20 Femenino"]
[Site "Cochabamba - CEFED "La Tamborada""]
[Date "2019.08.01"]
[Round "1"]
[Board "1"]
[White "Vargas D, Crystel"]
[Black "Campos, Maria Jose"]
[Result "0-1"]
[WhiteElo "1686"]
[BlackElo "2091"]
[PlyCount "74"]
[EventDate "2019.08.01"]
[EventRounds "9"]
[EventCountry "BOL"]

1. d4 Nf6 2. Nf3 e6 3. Bf4 d5 4. e3 Bd6 5. Bg3 O-O 6. Bd3 c5 7. c3 b6 8. O-O
Nc6 9. Qe2 Bb7 10. Bxd6 Qxd6 11. Rd1 Rad8 12. Bb5 Qc7 13. Bxc6 Bxc6 14. Ne5 Ne4
15. f3 Nd6 16. Nd2 Bb5 17. Qe1 Rfe8 18. a4 Bc6 19. Nxc6 Qxc6 20. Rdc1 e5 21.
Qf2 Qb7 22. Re1 h6 23. Nb3 Qc6 24. dxc5 bxc5 25. Qc2 c4 26. Nd2 Rb8 27. Kf1 Nb7
28. e4 Nc5 29. exd5 Qxd5 30. Rab1 Red8 31. Red1 Qe6 32. Ke2 f5 33. Nf1 Rxd1 34.
Rxd1 Nd3 35. b4 e4 36. Ng3 exf3+ 37. Kxf3 Qc6+  0-1

[Event "Campeonato Panamericano de Ajedrez Sub-20 Femenino"]
[Site "Cochabamba - CEFED "La Tamborada""]
[Date "2019.08.01"]
[Round "1"]
[Board "2"]
[White "Vazquez Maccarini, Danitza"]
[Black "Enriquez Coronel, Gaia Paola"]
[Result "1-0"]
[WhiteElo "2080"]
[BlackElo "1615"]
[PlyCount "59"]
[EventDate "2019.08.01"]
[EventRounds "9"]
[EventCountry "BOL"]

1. e4 c5 2. Nf3 Nc6 3. Bb5 g6 4. d3 Bg7 5. Bxc6 bxc6 6. O-O e6 7. e5 Ne7 8. Nc3
O-O 9. Ne4 Rb8 10. Nxc5 Bxe5 11. Nxe5 d6 12. Ne4 dxe5 13. Bh6 f5 14. Bxf8 Qxf8
15. Nd2 Rxb2 16. Nc4 Rb5 17. Re1 Qf6 18. Rb1 Rd5 19. Qe2 e4 20. dxe4 fxe4 21.
Qxe4 Rd4 22. Qe5 Qxe5 23. Nxe5 Kg7 24. Rb8 Ra4 25. Nxc6 Nxc6 26. Rxc8 Nb4 27.
Rc4 a5 28. c3 Nd3 29. Rxa4 Nxe1 30. Rxa5  1-0

[Event "Campeonato Panamericano de Ajedrez Sub-20 Femenino"]
[Site "Cochabamba - CEFED "La Tamborada""]
[Date "2019.08.01"]
[Round "1"]
[Board "3"]
[White "Francia Arzapalo, Gianella"]
[Black "Miller, Rachel"]
[Result "0-1"]
[WhiteElo "1607"]
[BlackElo "1941"]
[PlyCount "134"]
[EventDate "2019.08.01"]
[EventRounds "9"]
[EventCountry "BOL"]

1. d4 d5 2. c4 e6 3. Nc3 a6 4. cxd5 exd5 5. Nf3 Nf6 6. Bg5 Be6 7. e3 Bd6 8. Bd3
Nbd7 9. O-O h6 10. Bh4 c6 11. e4 dxe4 12. Nxe4 Be7 13. Bg3 Nxe4 14. Bxe4 Nf6
15. Bc2 O-O 16. Bb3 Bd5 17. Bxd5 Qxd5 18. Re1 Bd6 19. Be5 Nd7 20. Bxd6 Qxd6 21.
Qb3 Rab8 22. Rad1 Nf6 23. h3 Qd5 24. Qxd5 Nxd5 25. g3 Rbd8 26. a3 Rfe8 27. Kf1
Kf8 28. Rxe8+ Kxe8 29. Re1+ Ne7 30. Re3 f6 31. Rb3 Rd7 32. Ke2 Kd8 33. Rb4 Kc7
34. Rc4 Nf5 35. a4 b5 36. axb5 axb5 37. Rb4 Kb6 38. g4 Ka5 39. Rb3 Nxd4+ 40.
Nxd4 Rxd4 41. Rc3 Kb6 42. Ke3 c5 43. b3 Kc6 44. f3 g5 45. Ke2 Rd5 46. Ke3 Rd1
47. Kf2 Kd5 48. Re3 c4 49. bxc4+ bxc4 50. Re8 Kc5 51. Rc8+ Kb4 52. Rc6 c3 53.
Ke2 Rd5 54. Rxf6 c2 55. Rc6 Kb3 56. Rb6+ Ka2 57. Ra6+ Kb1 58. Rb6+ Kc1 59. Rb3
Re5+ 60. Kd3 Kd1 61. Kd4 c1=Q 62. Kxe5 Qc4 63. Rb1+ Kc2 64. Rb7 Qc5+ 65. Kf6
Qc6+ 66. Kg7 Qxb7+ 67. Kxh6 Qd5  0-1

[Event "Campeonato Panamericano de Ajedrez Sub-20 Femenino"]
[Site "Cochabamba - CEFED "La Tamborada""]
[Date "2019.08.01"]
[Round "1"]
[Board "4"]
[White "Monroy G., Nataly A."]
[Black "Chavez, Perla"]
[Result "1-0"]
[WhiteElo "1921"]
[BlackElo "1571"]
[PlyCount "77"]
[EventDate "2019.08.01"]
[EventRounds "9"]
[EventCountry "BOL"]

1. d4 Nf6 2. c4 g6 3. Nc3 Bg7 4. Nf3 O-O 5. g3 d6 6. Bg2 a6 7. O-O Nc6 8. d5
Nb8 9. Nd4 Re8 10. Rb1 e5 11. dxe6 fxe6 12. e4 e5 13. Nc2 Be6 14. Qd3 Nbd7 15.
b4 a5 16. a3 Nb6 17. Ne3 Bh6 18. Ncd5 Nfxd5 19. cxd5 Bd7 20. Bd2 axb4 21. Bxb4
Rf8 22. Bd2 Qe8 23. Qb3 Ra7 24. Qc3 Qb8 25. Rfc1 Rc8 26. Qb3 Na4 27. Ng4 Bxd2
28. Nf6+ Kg7 29. Nxd7 Qa8 30. Qf3 Bg5 31. h4 Be7 32. Qg4 Nc5 33. Nxc5 dxc5 34.
Qd7 Kf8 35. Bh3 Rd8 36. Qxc7 Rxa3 37. Qxe5 Qa7 38. Qh8+ Kf7 39. Be6#  1-0

[Event "Campeonato Panamericano de Ajedrez Sub-20 Femenino"]
[Site "Cochabamba - CEFED "La Tamborada""]
[Date "2019.08.01"]
[Round "1"]
[Board "6"]
[White "Sarmiento Robles, Paula"]
[Black "Bustillos, Nathalia"]
[Result "1-0"]
[WhiteElo "1876"]
[BlackElo "1473"]
[PlyCount "55"]
[EventDate "2019.08.01"]
[EventRounds "9"]
[EventCountry "BOL"]

1. c4 e5 2. Nc3 Nf6 3. g3 d5 4. cxd5 Nxd5 5. Bg2 Nb6 6. Nf3 Nc6 7. O-O Be7 8.
d3 O-O 9. Be3 Be6 10. a3 f6 11. Ne4 Qd7 12. Rc1 Bh3 13. Bc5 Bxg2 14. Qb3+ Kh8
15. Kxg2 f5 16. Ned2 Bxc5 17. Rxc5 Rae8 18. Qc2 Nd5 19. b4 Nd4 20. Qc4 b6 21.
Qxd5 Qc8 22. Nxe5 Ne6 23. Rc3 f4 24. Ndf3 g5 25. Qd7 Qa8 26. Rc6 Ng7 27. Rxc7
Nf5 28. Qxh7#  1-0

[Event "Campeonato Panamericano de Ajedrez Sub-20 Femenino"]
[Site "Cochabamba - CEFED "La Tamborada""]
[Date "2019.08.01"]
[Round "1"]
[Board "7"]
[White "Duarte Laconich, Jazmin"]
[Black "Hilario, Aleyla"]
[Result "0-1"]
[WhiteElo "1429"]
[BlackElo "1841"]
[PlyCount "124"]
[EventDate "2019.08.01"]
[EventRounds "9"]
[EventCountry "BOL"]

1. e4 e6 2. d4 d5 3. exd5 exd5 4. Bd3 Bd6 5. Ne2 Qh4 6. Nbc3 c6 7. Be3 Ne7 8.
Qd2 h6 9. Bf4 Bxf4 10. Qxf4 Qxf4 11. Nxf4 Bf5 12. O-O-O O-O 13. Rhe1 Bxd3 14.
Rxd3 Nf5 15. g4 Nd6 16. Re7 Na6 17. Rde3 Rfd8 18. Nh5 Kf8 19. Ng3 Rac8 20. Re2
Nc7 21. R7e3 Ne6 22. Re1 Nxd4 23. Rd3 Ne6 24. Nce2 Re8 25. Nd4 Nxd4 26. Rxe8+
Rxe8 27. Rxd4 Re1+ 28. Rd1 Rxd1+ 29. Kxd1 Ke7 30. Ke2 g6 31. b3 Ke6 32. Ke3 c5
33. Ne2 g5 34. h3 f5 35. f3 f4+ 36. Kd3 Nf7 37. Nc1 Ne5+ 38. Ke2 d4 39. Nd3
Nxd3 40. Kxd3 Kd5 41. a4 b6 42. c3 dxc3 43. Kxc3 a6 44. Kd3 b5 45. axb5 axb5
46. Kc3 c4 47. b4 Ke5 48. Kd2 Kd4 49. Kc2 Ke3 50. Kc3 Kxf3 51. Kd4 Ke2 52. Kc5
c3 53. Kxb5 c2 54. Ka6 c1=Q 55. b5 Qc8+ 56. Ka7 Qc7+ 57. Ka6 f3 58. b6 Qb8 59.
b7 f2 60. Ka5 Qxb7 61. Ka4 f1=R 62. Ka3 Ra1#  0-1

[Event "Campeonato Panamericano de Ajedrez Sub-20 Femenino"]
[Site "Cochabamba - CEFED "La Tamborada""]
[Date "2019.08.01"]
[Round "1"]
[Board "8"]
[White "Figueroa Bernal, Julia Dennis"]
[Black "Cuadros Quispe, Danae Yadira"]
[Result "1-0"]
[WhiteElo "1837"]
[BlackElo "1371"]
[PlyCount "45"]
[EventDate "2019.08.01"]
[EventRounds "9"]
[EventCountry "BOL"]

1. e4 e5 2. Nf3 Nc6 3. d4 exd4 4. Nxd4 Bc5 5. Nb3 Bb6 6. Qe2 Qf6 7. f3 Nge7 8.
Bd2 O-O 9. Nc3 a5 10. a4 d6 11. h4 Be6 12. Bg5 Qg6 13. O-O-O h6 14. Be3 Bxb3
15. cxb3 Nb4 16. g4 Qe6 17. Bxb6 cxb6 18. Qc4 Qe5 19. Kb1 Rfc8 20. Qd4 Qg3 21.
Bc4 Rd8 22. g5 hxg5 23. hxg5 {Ilegible}  1-0

[Event "Campeonato Panamericano de Ajedrez Sub-20 Femenino"]
[Site "Cochabamba - CEFED "La Tamborada""]
[Date "2019.08.01"]
[Round "1"]
[Board "10"]
[White "Molina, Jessica"]
[Black "Iquise Calle, Jhosselyn"]
[Result "1-0"]
[WhiteElo "1811"]
[BlackElo "1329"]
[PlyCount "63"]
[EventDate "2019.08.01"]
[EventRounds "9"]
[EventCountry "BOL"]

1. d4 d5 2. Nf3 e6 3. Bf4 c5 4. e3 Nd7 5. Nbd2 cxd4 6. exd4 Qb6 7. Rb1 g6 8. c3
Bg7 9. Bd3 f6 10. Qe2 Ne7 11. O-O O-O 12. c4 Nb8 13. c5 Qd8 14. b4 b6 15. Nb3
Nbc6 16. a3 a5 17. b5 Nb8 18. a4 bxc5 19. Nxc5 Qb6 20. Rbc1 Nf5 21. Nb3 g5 22.
Bc7 Qb7 23. Nxa5 Qa7 24. b6 Qxa5 25. b7 Qa7 26. bxa8=Q Qxa8 27. Bxf5 exf5 28.
Bd6 Rd8 29. Rxc8 Rxc8 30. Qe6+ Kh8 31. Qxc8+ Bf8 32. Qxf8#  1-0

[Event "Campeonato Panamericano de Ajedrez Sub-20 Femenino"]
[Site "Cochabamba - CEFED "La Tamborada""]
[Date "2019.08.01"]
[Round "1"]
[Board "11"]
[White "Velarde Alarcon, Jhoana"]
[Black "Rosado Perez, Maria Jose"]
[Result "0-1"]
[WhiteElo "1267"]
[BlackElo "1810"]
[PlyCount "62"]
[EventDate "2019.08.01"]
[EventRounds "9"]
[EventCountry "BOL"]

1. e4 c5 2. Nf3 a6 3. c3 e6 4. d4 cxd4 5. cxd4 Nf6 6. Nc3 Bb4 7. Bg5 Qa5 8. Bd2
Nc6 9. a3 Bxc3 10. Bxc3 Qh5 11. d5 Ne7 12. Bxf6 gxf6 13. d6 Nc6 14. Nd4 Qa5+
15. b4 Qe5 16. Nxc6 Qxe4+ 17. Be2 dxc6 18. O-O Bd7 19. Rc1 e5 20. Bc4 Rg8 21.
f3 Qe3+ 22. Kh1 Qxa3 23. f4 b5 24. Bb3 Qxb4 25. fxe5 Qe4 26. Qd2 Bh3 27. Rf2
Kd7 28. Re1 Bxg2+ 29. Rxg2 Rxg2 30. Qd1 Re2+ 31. Kg1 Qg2#  0-1

[Event "Campeonato Panamericano de Ajedrez Sub-20 Femenino"]
[Site "Cochabamba - CEFED "La Tamborada""]
[Date "2019.08.01"]
[Round "1"]
[Board "12"]
[White "Condori, Ana Paula"]
[Black "Arce, Valeria"]
[Result "1-0"]
[WhiteElo "1751"]
[BlackElo "1246"]
[PlyCount "67"]
[EventDate "2019.08.01"]
[EventRounds "9"]
[EventCountry "BOL"]

1. e4 d6 2. d4 Nf6 3. Nc3 Nbd7 4. Nf3 e5 5. Be2 Be7 6. O-O O-O 7. h3 c6 8. Be3
Qc7 9. g4 a6 10. Nh2 b5 11. a3 Bb7 12. g5 Ne8 13. Bg4 Bc8 14. Ne2 Nb6 15. b3
Bxg4 16. hxg4 Rd8 17. Ng3 Nc8 18. Nf3 Rd7 19. Nf5 Bd8 20. Kg2 Ne7 21. Rh1 f6
22. Qg1 g6 23. Nh6+ Kh8 24. Qh2 Nc8 25. Rad1 Rg7 26. dxe5 fxe5 27. Nh4 Ne7 28.
f4 Ng8 29. Nf3 Nxh6 30. Qxh6 exf4 31. Bd4 Bf6 32. gxf6 Nxf6 33. g5 Nxe4 34.
Qxh7#  1-0

[Event "Campeonato Panamericano de Ajedrez Sub-20 Femenino"]
[Site "Cochabamba - CEFED "La Tamborada""]
[Date "2019.08.01"]
[Round "1"]
[Board "13"]
[White "Barros Jardi Arce, Sarai"]
[Black "Lara Santana, Maria"]
[Result "0-1"]
[WhiteElo "1182"]
[BlackElo "1702"]
[PlyCount "91"]
[EventDate "2019.08.01"]
[EventRounds "9"]
[EventCountry "BOL"]

1. e4 c5 2. Nf3 d6 3. d4 cxd4 4. Nxd4 Nf6 5. Nc3 a6 6. a4 e6 7. Bg5 Be7 8. Bd3
Nbd7 9. b3 Qc7 10. Qd2 b6 11. O-O Bb7 12. Rfe1 O-O 13. Re2 Rac8 14. Nd1 Nc5 15.
f3 h6 16. Bh4 Nfxe4 17. fxe4 Bxh4 18. Nf3 Bf6 19. Rb1 Nxd3 20. cxd3 Bc3 21. Qe3
d5 22. exd5 Bxd5 23. Rc2 Bxf3 24. Rxc3 Bc6 25. Rbc1 Qb7 26. Qg3 b5 27. axb5
Bxb5 28. Nf2 Rxc3 29. Rxc3 Rc8 30. d4 Rxc3 31. Qxc3 Qc6 32. Qxc6 Bxc6 33. Kf1
a5 34. g3 Bd5 35. b4 axb4 36. Ke1 Kf8 37. Nd3 b3 38. Nb2 Ke7 39. Ke2 Kf6 40.
Ke3 Kf5 41. h3 Bg2 42. h4 Kg4 43. Kf2 Bd5 44. Nd3 Kf5 45. Ke3 h5 46. Nb2 {
Ilegible}  0-1

[Event "Campeonato Panamericano de Ajedrez Sub-20 Femenino"]
[Site "Cochabamba - CEFED "La Tamborada""]
[Date "2019.08.01"]
[Round "1"]
[Board "14"]
[White "Loyola Torres, Maria Gracia"]
[Black "Pacheco Arteaga, Natalia"]
[Result "1-0"]
[WhiteElo "1688"]
[BlackElo "1176"]
[PlyCount "61"]
[EventDate "2019.08.01"]
[EventRounds "9"]
[EventCountry "BOL"]

1. e4 e5 2. Nf3 Nc6 3. Bc4 Bc5 4. O-O Nf6 5. d4 Nxd4 6. Nxe5 O-O 7. Nd3 Bb6 8.
e5 Ne4 9. Be3 d5 10. exd6 Nxd6 11. Bxd4 Nxc4 12. Bxb6 Nxb6 13. Nc3 Bf5 14. Qf3
Bxd3 15. Rfd1 c6 16. Rxd3 Qg5 17. Ne4 Qg6 18. Rad1 Nc4 19. Qf4 Rfe8 20. Rd4
Nxb2 21. Rf1 c5 22. Nxc5 Qxc2 23. Rd7 f6 24. Qg3 g6 25. Qc7 g5 26. Qxb7 Reb8
27. Qd5+ Kh8 28. Ne4 Rb6 29. Qxa8+ Rb8 30. Qxb8+ Qc8 31. Qxc8#  1-0

[Event "Campeonato Panamericano de Ajedrez Sub-20 Femenino"]
[Site "Cochabamba - CEFED "La Tamborada""]
[Date "2019.08.02"]
[Round "2"]
[Board "1"]
[White "Campos, Maria Jose"]
[Black "Figueroa Bernal, Julia Dennis"]
[Result "1-0"]
[WhiteElo "2091"]
[BlackElo "1837"]
[PlyCount "63"]
[EventDate "2019.08.01"]
[EventRounds "9"]
[EventCountry "BOL"]

1. c4 e6 2. g3 d5 3. Bg2 d4 4. Nf3 Nc6 5. O-O Nh6 6. Na3 Nf5 7. d3 Bc5 8. Rb1
O-O 9. Nc2 a5 10. a3 a4 11. b4 axb3 12. Rxb3 Ra7 13. Bh3 e5 14. Bg2 b6 15. Nb4
Na5 16. Nxe5 Nxb3 17. Nec6 Qe8 18. Nxa7 Nxc1 19. Qxc1 Bxb4 20. axb4 Qxe2 21.
Nxc8 Rxc8 22. Qf4 g6 23. g4 Ng7 24. Bd5 Ne6 25. Bxe6 Qxe6 26. Qxd4 c5 27. bxc5
bxc5 28. Qd5 Qxd5 29. cxd5 Rd8 30. Rc1 Rxd5 31. f3 g5 32. Kf2 {Ilegible}  1-0

[Event "Campeonato Panamericano de Ajedrez Sub-20 Femenino"]
[Site "Cochabamba - CEFED "La Tamborada""]
[Date "2019.08.02"]
[Round "2"]
[Board "2"]
[White "Mamani, Anahi"]
[Black "Vazquez Maccarini, Danitza"]
[Result "0-1"]
[WhiteElo "1813"]
[BlackElo "2080"]
[PlyCount "112"]
[EventDate "2019.08.01"]
[EventRounds "9"]
[EventCountry "BOL"]

1. e4 e5 2. Nf3 Nc6 3. Bc4 Bc5 4. c3 Nf6 5. d3 d6 6. Bb3 a6 7. a4 Ba7 8. O-O h6
9. Be3 O-O 10. h3 Ne7 11. Nbd2 Ng6 12. d4 Re8 13. Qc2 Qe7 14. Rfe1 Nh5 15. dxe5
dxe5 16. Nf1 Nhf4 17. Bxa7 Rxa7 18. Ne3 Qf6 19. Nh2 Nh4 20. f3 Qg5 21. Kh1 a5
22. Bc4 Be6 23. Bf1 Rd8 24. Qf2 Nh5 25. Neg4 Raa8 26. g3 Ng6 27. h4 Qd2 28. Kg2
Qxf2+ 29. Kxf2 Rd2+ 30. Re2 Rad8 31. Ne3 Rxe2+ 32. Bxe2 Rd2 33. Rd1 Rxb2 34.
Nhf1 Ra2 35. Nd5 c6 36. Nb6 Rb2 37. Nd7 Bc4 38. Re1 b5 39. axb5 cxb5 40. Nb6
Be6 41. Ne3 Ne7 42. Nbd5 Kf8 43. Nc7 b4 44. cxb4 axb4 45. Rd1 Nc6 46. Nxe6+
fxe6 47. Nc4 Ra2 48. Rd2 b3 49. Nb2 Nd4 50. f4 Nxe2 51. Rxe2 exf4 52. g4 Ng3
53. Rd2 Nxe4+ 54. Ke2 Nxd2 55. Kxd2 Rxb2+ 56. Kc3 Rb1  0-1

[Event "Campeonato Panamericano de Ajedrez Sub-20 Femenino"]
[Site "Cochabamba - CEFED "La Tamborada""]
[Date "2019.08.02"]
[Round "2"]
[Board "3"]
[White "Miller, Rachel"]
[Black "Molina, Jessica"]
[Result "0-1"]
[WhiteElo "1941"]
[BlackElo "1811"]
[PlyCount "180"]
[EventDate "2019.08.01"]
[EventRounds "9"]
[EventCountry "BOL"]

1. e4 e6 2. d4 b6 3. Bd3 Bb7 4. Nf3 Nf6 5. Qe2 c5 6. c3 d5 7. e5 Nfd7 8. O-O c4
9. Bc2 Be7 10. Nbd2 Nc6 11. Re1 b5 12. Nf1 a5 13. N3d2 Qc7 14. f4 g6 15. g4 h5
16. h3 O-O-O 17. g5 Nb6 18. Nf3 b4 19. Bd2 Kd7 20. h4 Ra8 21. f5 gxf5 22. Ng3
Rae8 23. Kh2 a4 24. cxb4 Bxb4 25. Bc3 Be7 26. a3 Kd8 27. Qd1 Nd7 28. Bxa4 Nf8
29. Qd2 Ng6 30. Bc2 Kd7 31. Kh3 Qd8 32. Rg1 Reg8 33. Ne2 Qc7 34. Nf4 Ra8 35.
Rae1 Bc8 36. Nh2 Nxf4+ 37. Qxf4 Bf8 38. Kg3 Ne7 39. Kg2 Ng6 40. Qf2 Be7 41. Kh1
Kd8 42. Qg3 Bd7 43. Nf3 Ba4 44. Bxa4 Rxa4 45. Qh2 Kd7 46. Rc1 Qb7 47. Ne1 Bd8
48. Nc2 Bc7 49. Nb4 Bxe5 50. dxe5 d4+ 51. Qg2 Qxg2+ 52. Rxg2 dxc3 53. Rxc3 Nxe5
54. Rd2+ Ke7 55. Re2 Nd3 56. Rxc4 Nxb4 57. axb4 Rb8 58. Rd2 Raxb4 59. Rc7+ Ke8
60. Rdd7 Rxh4+ 61. Kg1 Rg4+ 62. Kf1 Rf4+ 63. Ke1 Re4+ 64. Kd1 Rd8 65. Rxd8+
Kxd8 66. Rxf7 Rg4 67. Rf6 Ke7 68. Rg6 h4 69. Rh6 Rxg5 70. Rxh4 Kd6 71. Rc4 Kd5
72. Rc3 Rg4 73. b3 e5 74. Ke2 Rb4 75. Kf2 f4 76. Ke2 e4 77. Kd2 Kd4 78. Kc2 e3
79. Rc8 Ke4 80. Kc3 Rb7 81. b4 Kf3 82. Re8 e2 83. Kd2 Rxb4 84. Ke1 Rb1+ 85. Kd2
Rd1+ 86. Kc2 e1=Q 87. Re3+ Kxe3 88. Kb2 Qb4+ 89. Ka2 Rd2+ 90. Ka1 Qb2#  0-1

[Event "Campeonato Panamericano de Ajedrez Sub-20 Femenino"]
[Site "Cochabamba - CEFED "La Tamborada""]
[Date "2019.08.02"]
[Round "2"]
[Board "4"]
[White "Rosado Perez, Maria Jose"]
[Black "Monroy G., Nataly A."]
[Result "0-1"]
[WhiteElo "1810"]
[BlackElo "1921"]
[PlyCount "68"]
[EventDate "2019.08.01"]
[EventRounds "9"]
[EventCountry "BOL"]

1. e4 c5 2. Nf3 Nc6 3. d4 cxd4 4. Nxd4 g6 5. Nc3 Bg7 6. Be3 Nf6 7. Nxc6 bxc6 8.
e5 Ng8 9. f4 d5 10. Bd4 Nh6 11. Na4 O-O 12. Qd2 f6 13. O-O-O Nf5 14. Bc3 fxe5
15. Bxe5 Bxe5 16. fxe5 e6 17. g4 Nh4 18. Be2 Qe7 19. Qc3 Bd7 20. Nc5 Rf2 21.
Rd2 Raf8 22. Qa5 Bc8 23. Nd3 R2f7 24. Qc3 Qc7 25. Bd1 Qb6 26. Nc5 Nf3 27. Re2
Rf4 28. Nb3 Ba6 29. Rg2 Ng5 30. Qc5 Ne4 31. Qxb6 axb6 32. h4 c5 33. h5 g5 34.
Rh3 Bf1  0-1

[Event "Campeonato Panamericano de Ajedrez Sub-20 Femenino"]
[Site "Cochabamba - CEFED "La Tamborada""]
[Date "2019.08.02"]
[Round "2"]
[Board "5"]
[White "Salazar Gould, Melanie"]
[Black "Condori, Ana Paula"]
[Result "1/2-1/2"]
[WhiteElo "1919"]
[BlackElo "1751"]
[PlyCount "80"]
[EventDate "2019.08.01"]
[EventRounds "9"]
[EventCountry "BOL"]

1. e4 c5 2. Nc3 e6 3. Nf3 a6 4. d4 cxd4 5. Nxd4 Qc7 6. g3 Bb4 7. Bd2 Nf6 8. Bg2
Nc6 9. Nb3 Be7 10. O-O b5 11. a3 Bb7 12. Bf4 d6 13. Qe2 O-O 14. g4 Nd7 15. Rad1
Nde5 16. Bc1 Nc4 17. Rd3 Qb6 18. Rh3 f6 19. Kh1 a5 20. f4 Ba6 21. Qf3 b4 22.
Ne2 a4 23. Na1 bxa3 24. bxa3 Nd4 25. Nxd4 Qxd4 26. c3 Qb6 27. Rg1 Qb1 28. Be3
Qd3 29. Qf2 Nxe3 30. Rxe3 Qb5 31. Rh3 h6 32. Qg3 e5 33. Nc2 exf4 34. Qxf4 Qe5
35. Qe3 Rfc8 36. Nd4 Qc5 37. Qf4 Qe5 38. Qe3 Qc5 39. Qf4 Qe5 40. Qe3 Qc5
 1/2-1/2

[Event "Campeonato Panamericano de Ajedrez Sub-20 Femenino"]
[Site "Cochabamba - CEFED "La Tamborada""]
[Date "2019.08.02"]
[Round "2"]
[Board "6"]
[White "Lara Santana, Maria"]
[Black "Sarmiento Robles, Paula"]
[Result "1/2-1/2"]
[WhiteElo "1702"]
[BlackElo "1876"]
[PlyCount "62"]
[EventDate "2019.08.01"]
[EventRounds "9"]
[EventCountry "BOL"]

1. e4 e6 2. Nf3 d5 3. Nc3 Nf6 4. e5 Nfd7 5. d4 c5 6. dxc5 Bxc5 7. Bd3 Nc6 8.
Qe2 a6 9. Bf4 Qc7 10. O-O Nd4 11. Nxd4 Bxd4 12. Rfe1 O-O 13. Bxh7+ Kxh7 14.
Qd3+ Kg8 15. Qxd4 b5 16. Re3 Qc5 17. Qd3 Qb4 18. Rh3 f5 19. exf6 Nxf6 20. Be5
Bd7 21. Bxf6 Rxf6 22. Qh7+ Kf7 23. Rg3 Rg8 24. Qd3 Bc8 25. Rd1 Qc5 26. Rf3 Rh8
27. Ne2 Qc7 28. Rxf6+ gxf6 29. Ng3 Rh4 30. c3 Qc5 31. Qf3 Qf8 {ilegible}
 1/2-1/2

[Event "Campeonato Panamericano de Ajedrez Sub-20 Femenino"]
[Site "Cochabamba - CEFED "La Tamborada""]
[Date "2019.08.02"]
[Round "2"]
[Board "7"]
[White "Hilario, Aleyla"]
[Black "Loyola Torres, Maria Gracia"]
[Result "1-0"]
[WhiteElo "1841"]
[BlackElo "1688"]
[PlyCount "87"]
[EventDate "2019.08.01"]
[EventRounds "9"]
[EventCountry "BOL"]

1. d4 Nf6 2. c4 c5 3. d5 b5 4. cxb5 a6 5. bxa6 Bxa6 6. Nf3 g6 7. b3 Bg7 8. Bb2
d6 9. e4 Bxf1 10. Kxf1 Nbd7 11. g3 O-O 12. Qe2 Ra7 13. Kg2 Qa8 14. a4 Rb8 15.
Nfd2 Nb6 16. Ra2 e6 17. dxe6 fxe6 18. Nc3 c4 19. Rha1 cxb3 20. Nxb3 d5 21. exd5
Nbxd5 22. Qxe6+ Rf7 23. Nxd5 Nxd5 24. Kg1 Rxb3 25. Bxg7 Kxg7 26. Rd2 Ne3 27.
fxe3 Qb7 28. Rad1 Rb1 29. Qe5+ Kh6 30. Qd4 Rxd1+ 31. Rxd1 Qa6 32. e4 Qe6 33. e5
Re7 34. Re1 Rd7 35. Qf4+ Kg7 36. Rf1 Qb6+ 37. Kg2 Qc6+ 38. Rf3 Rd8 39. Qf7+ Kh6
40. e6 Rd2+ 41. Kh3 Qc8 42. Qf8+ Kh5 43. g4+ Kg5 44. Qf4#  1-0

[Event "Campeonato Panamericano de Ajedrez Sub-20 Femenino"]
[Site "Cochabamba - CEFED "La Tamborada""]
[Date "2019.08.02"]
[Round "2"]
[Board "8"]
[White "Cuadros Quispe, Danae Yadira"]
[Black "Vargas D, Crystel"]
[Result "0-1"]
[WhiteElo "1371"]
[BlackElo "1686"]
[PlyCount "103"]
[EventDate "2019.08.01"]
[EventRounds "9"]
[EventCountry "BOL"]

1. e4 c5 2. Nf3 Nc6 3. d4 cxd4 4. Nxd4 Nf6 5. Nc3 g6 6. Be3 Bg7 7. Qd2 d6 8. f3
a6 9. g4 Ne5 10. O-O-O b5 11. g5 Nfd7 12. h4 Bb7 13. h5 Qa5 14. h6 Bf8 15. Nb3
Qc7 16. f4 Nc4 17. Qf2 Nxe3 18. Qxe3 e6 19. Bd3 Nc5 20. Nxc5 Qxc5 21. Rhe1
Qxe3+ 22. Rxe3 Be7 23. Rg1 O-O 24. f5 d5 25. exd5 Bc5 26. Ree1 exf5 27. Rgf1
Bb4 28. Rd1 Rfd8 29. a3 Bxc3 30. bxc3 Bxd5 31. Be2 Kf8 32. Rd4 Rd7 33. Rfd1
Rad8 34. c4 Bc6 35. Rxd7 Rxd7 36. Rxd7 Bxd7 37. cxb5 axb5 38. Kd2 f6 39. gxf6
Kf7 40. Ke3 Kxf6 41. Kf4 g5+ 42. Kg3 Kg6 43. c4 bxc4 44. Bxc4 Bc6 45. Bd3 Bd7
46. Bc2 Kxh6 47. a4 Kg6 48. a5 Bb5 49. Kf3 Kf6 50. Ke3 Ke6 51. Bd3 Bd7 52. Bc2
{Ilegible}  0-1

[Event "Campeonato Panamericano de Ajedrez Sub-20 Femenino"]
[Site "Cochabamba - CEFED "La Tamborada""]
[Date "2019.08.02"]
[Round "2"]
[Board "9"]
[White "Enriquez Coronel, Gaia Paola"]
[Black "Duarte Laconich, Jazmin"]
[Result "1-0"]
[WhiteElo "1615"]
[BlackElo "1429"]
[PlyCount "62"]
[EventDate "2019.08.01"]
[EventRounds "9"]
[EventCountry "BOL"]

1. e4 e6 2. d4 d5 3. Nd2 dxe4 4. Nxe4 Nd7 5. Ne2 Ngf6 6. N2g3 Be7 7. Bd3 O-O 8.
O-O b6 9. c3 Bb7 10. Qc2 Re8 11. Re1 h6 12. h3 Rc8 13. Be3 Nd5 14. Rad1 Bf8 15.
c4 Nb4 16. Qb1 Nxd3 17. Qxd3 c5 18. dxc5 Nxc5 19. Nxc5 Bxc5 20. Qxd8 Rexd8 21.
Bxc5 bxc5 22. b3 Kf8 23. f3 Rd4 24. Ne2 Rxd1 25. Rxd1 Ke7 26. Nc3 Bc6 27. Kf2
f5 28. Ke3 g5 29. Rd2 f4+ 30. Ke2 Rd8 31. Rxd8 Kxd8 {Ilegible}  1-0

[Event "Campeonato Panamericano de Ajedrez Sub-20 Femenino"]
[Site "Cochabamba - CEFED "La Tamborada""]
[Date "2019.08.02"]
[Round "2"]
[Board "10"]
[White "Iquise Calle, Jhosselyn"]
[Black "Francia Arzapalo, Gianella"]
[Result "0-1"]
[WhiteElo "1329"]
[BlackElo "1607"]
[PlyCount "80"]
[EventDate "2019.08.01"]
[EventRounds "9"]
[EventCountry "BOL"]

1. e4 e6 2. d3 d5 3. Nd2 c5 4. Be2 Nc6 5. c3 Nf6 6. Qc2 Bd6 7. Ngf3 O-O 8. h3
b6 9. Nf1 h6 10. g4 Bb7 11. Ng3 Qc7 12. Rg1 dxe4 13. dxe4 Rfd8 14. g5 hxg5 15.
Bxg5 Be7 16. Bxf6 Bxf6 17. Nh5 Qe7 18. Nxf6+ Qxf6 19. Ng5 Ne5 20. h4 c4 21. h5
Rd7 22. Rd1 Rxd1+ 23. Qxd1 Rd8 24. Qc1 Bc6 25. f4 Nd3+ 26. Bxd3 cxd3 27. Qd2 e5
28. Rf1 Rd7 29. f5 Qh6 30. Nf3 Bxe4 31. Nxe5 Re7 32. Qxh6 gxh6 33. Rg1+ Kf8 34.
Ng4 Bxf5+ 35. Kd2 Re2+ 36. Kd1 Bxg4 37. Rxg4 Rxb2 38. Ra4 a5 39. c4 Rc2 40. a3
Ke7  0-1

[Event "Campeonato Panamericano de Ajedrez Sub-20 Femenino"]
[Site "Cochabamba - CEFED "La Tamborada""]
[Date "2019.08.02"]
[Round "2"]
[Board "11"]
[White "Chavez, Perla"]
[Black "Velarde Alarcon, Jhoana"]
[Result "1/2-1/2"]
[WhiteElo "1571"]
[BlackElo "1267"]
[PlyCount "96"]
[EventDate "2019.08.01"]
[EventRounds "9"]
[EventCountry "BOL"]

1. e4 e5 2. Nf3 Nf6 3. Nc3 Nc6 4. Bc4 Nxe4 5. Bxf7+ Kxf7 6. Nxe4 Be7 7. d3 h6
8. O-O Rf8 9. Qe2 Kg8 10. Ng3 d6 11. Qe4 d5 12. Qe1 Bd6 13. b3 Nb4 14. Qd2 Bg4
15. Ne1 Qf6 16. c3 Nc6 17. h3 Be6 18. Qe2 Qh4 19. Nf3 Qf6 20. Bd2 Bxh3 21. Nxe5
Bxg2 22. Nd7 Qf3 23. Qxf3 Rxf3 24. Kxg2 Rxd3 25. Rad1 Rd8 26. Nf6+ gxf6 27.
Bxh6 Rxd1 28. Rxd1 Be5 29. c4 dxc4 30. Rxd8+ Nxd8 31. bxc4 Nf7 32. Be3 a6 33.
f4 Bc3 34. Ne4 Bb2 35. Kf3 Nd6 36. Nxd6 cxd6 37. a4 Kf7 38. f5 Ke7 39. Ke2 Kd7
40. Kd3 Kc6 41. Ke4 Ba3 42. Bd4 Bc1 43. Bxf6 Bh6 44. Bd4 Bg5 45. f6 Bxf6 46.
Bxf6 b5 47. cxb5+ axb5 48. a5 b4  1/2-1/2